000 00319nam a2200133Ia 4500
100 _aGilberg/Richard F/ Forouzan
942 _cBK
654 _adatastructures
245 _aDatastructures:A Pseudocode approach with C
260 _bThomsan Learning
_c1998
082 _a5.72
_bGIL
300 _a671
546 _aENGLISH
999 _c21221
_d21221